Housekeeping tevékenységek a Portobello Wellness & Yacht Hotelben

Bibliográfiai részletek
Szerző: Schubert Zsófia
További közreműködők: Bártfai Endre György
Dokumentumtípus: Projektmunka
Kulcsszavak:gyógyturizmus
kereskedelmi szálláshelyek
szálláshelyek
szállodaipar
turizmus
Online Access:http://dolgozattar.uni-bge.hu/60197

MARC

LEADER 00000nnm a2200000 i 4500
001 dolg60197
005 20260409150126.0
008 260409suuuu hu o 000 hun d
040 |a BGE Dolgozattár Repozitórium  |b hun 
041 |a hu 
100 1 |a Schubert Zsófia 
245 1 0 |a Housekeeping tevékenységek a Portobello Wellness & Yacht Hotelben  |c Schubert Zsófia  |h [elektronikus dokumentum] 
516 |a Project_work 
520 3 |a Gyakorlati munkámat én a Portobello Yacht és Wellness Hotelben töltöttem a housekeeping részlegen. Három hónapot töltöttem ezen a helyen, januártól kezdődően április végéig. Ez idő alatt én a reggeles műszakba voltam beosztva. Azért választottam ezt a részleget mert számomra ez az egyik legfontosabb alappillér egy szállodában. Ugyan a háttérből dolgozunk, nem sokan ismerik el, de munkánk az egyik legfontosabb, hiszen közvetlen hatással van a vendégélményre, rajtunk múlik a szállodai tisztaság, mind a szobákban, mind a vendégtérben, ami alapvető fontosságú a vendégek számára, hisz szerintem ez szinte a legelső benyomás amit a vendég lát. A tisztaság. Továbbiakban szeretném kifejteni, hogy mi is valójában a housekeeping részleg, milyen feladatokat lát el és milyen módszerekkel teszi azt. Szeretném körbejárni az itt felmerülő fenntarthatóság módszereket, hogyan tudnak úgy takarítani, hogy az minden kritériummal találkozzon de fenttartható módszereket is alkalmazzanak. Hogyan is találkozik a housekeeping a vendégélménnyel.. És végül azt is szeretném kifejteni, hogy miért fontos a részlegek közötti kommunikáció. Jelenleg a fent említett gyakorlati helyemen én gondnoknői feladatokat látok el. Feladataim egy része, hogy a szobákat és az emeletek tisztaságát leellenőrizzem hogy megfelelően lettek-e kitakarítva, a szobalányokat, szobaasszonyokat beosszam és felügyeljem a munkájukat. Ha vendégpanasz érkezik a szükséges hozzáállással kezelni és természetesen segíteni is. Esetlegesen a műszaki problémákat bejelenteni a karbantartóknak, hogy problémamentesen tudjuk lezárni a napot. A higiéniai és biztonsági intézkedésnek megfelelően eljárni. Munkám során fontos a kommunikáció hiszen folyamatos kommunikációban állok. Szükséges a kommunikáció a londinerekkel, az egyik legfontosabb pedig, hogy a recepcióval is kommunikálnom szükséges. De természetesen a vendégekkel is, bármely kérdés, panasz esetén. Volt szerencsém a hónapvégi leltár ellenőrzésében és megrendelésében is részt vennem, így ebbe a teendőbe is beleláthattam. Projektmunkám célja, hogy a fent említett kérdésekre választ keressek a gyakorlati munkám során, és kifejtsem őket bővebben, terjedelmesebben. Fontosnak tartom, hogy mélyebben beletudjunk tekinteni ennek a részlegnek a működésébe, megtudjuk milyen nehézségekkel jár ez a munka, milyen előnyökkel és hogyan tudják kezelni a fentálló vendégpanaszokat. 
695 |a gyógyturizmus 
695 |a kereskedelmi szálláshelyek 
695 |a szálláshelyek 
695 |a szállodaipar 
695 |a turizmus 
700 1 |a Bártfai Endre György  |e ths 
856 4 0 |u http://dolgozattar.uni-bge.hu/60197/1/projektmunka.pdf  |z Dokumentum-elérés 
856 4 0 |u http://dolgozattar.uni-bge.hu/60197/2/Schubert%20Zs%C3%B3fia_Projektmunka_B%C3%ADr%C3%A1lati%20lap_FOSZK_B%C3%A1rtfai%20Endre.pdf  |z Dokumentum-elérés